000 00346nam a22001457a 4500
003 SGT
020 _a9789388022033
082 _a611.0183
_bT17K
100 _aKASANA, POOJA
245 _aTextbook on Odontogenic Tumors
260 _aNEW DELHI
_bIP Innovative Publication Pvt
_c2017
300 _a1-80
650 _aPATHOLOGY
942 _2ddc
_cBK
999 _c20136
_d20136